Statistics for Five Languages with the Most Native Speakers by Continent

Click here to take the quiz!

General Stats

  • This quiz has been taken 34,321 times
    (34,218 since last reset)
  • The average score is 13 of 23

Answer Stats

ContinentLanguage% Correct
Europe, North America, OceaniaEnglish
100%
Europe, North AmericaFrench
99%
North America, South AmericaSpanish
99%
Asia, North AmericaMandarin
98%
EuropeGerman
96%
South AmericaPortuguese
95%
EuropeRussian
91%
EuropeItalian
86%
Africa, AsiaArabic
85%
AsiaJapanese
80%
AsiaHindi
77%
OceaniaFiji Hindi
77%
AsiaBengali
33%
North AmericaHaitian Creole
32%
OceaniaMāori
24%
South AmericaQuechua
20%
AfricaAmharic
18%
AfricaOromo, Igbo, Fula
17%
AfricaYoruba
13%
OceaniaFijian
12%
South AmericaGuarani
11%
AfricaHausa
9%
South AmericaAymara
7%

Score Distribution

Percentile by Number Answered

Percent of People with Each Score

Your Score History

You have not taken this quiz since the last reset